[Event "Sortland CC-ch"]
[Site "Sortland"]
[Date "2017.04.18"]
[Round "4"]
[White "Shabalin, Vladimir"]
[Black "Johnsen, Jim Ole"]
[Result "1/2-1/2"]
[WhiteElo "1634"]
[BlackElo "1491"]
[PlyCount "79"]
[EventDate "2017.03.21"]
[EventType "swiss"]
[EventRounds "6"]
[EventCountry "NOR"]
[SourceTitle "EXT 2024"]
[Source "ChessBase"]
[SourceDate "2023.10.10"]
[SourceVersion "1"]
[SourceVersionDate "2023.10.10"]
[SourceQuality "1"]

1. e4 e5 2. Nf3 Nf6 3. Nc3 Nc6 4. d4 exd4 5. Nxd4 Bb4 6. Nxc6 Bxc3+ 7. bxc3 bxc6 8. Bg5 h6 9. Bh4 Qe7 10. Bd3 0-0 11. Qf3 g5 12. Bg3 d5 13. e5 Ne4 14. Bxe4 dxe4 15. Qxe4 Qc5 16. Qd4 Qb5 17. c4 Qb6 18. c5 Qb5 19. a4 Qa6 20. f3 Be6 21. Kf2 Rfd8 22. Qc3 Rab8 23. Rhe1 Qc4 24. Ra3 Qd4+ 25. Qxd4 Rxd4 26. Re4 Rxe4 27. fxe4 Rb2 28. Rc3 Ra2 29. Ke3 Rxa4 30. h4 g4 31. Bf4 Kg7 32. g3 Bc4 33. Kf2 Be6 34. Ke3 a5 35. Kd3 Ra1 36. Be3 a4 37. Bd4 Rd1+ 38. Ke3 Re1+ 39. Kf4 Rf1+ 40. Ke3 1/2-1/2

[Event "Sortland CC-ch"]
[Site "Sortland"]
[Date "2017.04.04"]
[Round "3"]
[White "Johnsen, Jim Ole"]
[Black "Asvang, Jon Fredrik"]
[Result "0-1"]
[WhiteElo "1491"]
[BlackElo "1987"]
[PlyCount "65"]
[EventDate "2017.03.21"]
[EventType "swiss"]
[EventRounds "6"]
[EventCountry "NOR"]
[SourceTitle "EXT 2024"]
[Source "ChessBase"]
[SourceDate "2023.10.10"]
[SourceVersion "1"]
[SourceVersionDate "2023.10.10"]
[SourceQuality "1"]

1. e4 c5 2. Nf3 a6 3. h3 d6 4. Be2 Nf6 5. e5 dxe5 6. Nxe5 Qc7 7. d4 cxd4 8. Bf4 Qb6 9. b3 e6 10. 0-0 Nc6 11. a3 Nd5 12. Nc4 Qd8 13. Bg3 Be7 14. Bd3 0-0 15. Nbd2 b5 16. Ne5 Nxe5 17. Bxe5 Bf6 18. Nf3 Bxe5 19. Nxe5 f5 20. Re1 Qd6 21. Qd2 Bb7 22. Nf3 Nf4 23. Be2 Rad8 24. h4 Ng6 25. a4 e5 26. axb5 axb5 27. Ra7 Bc6 28. Ra6 Qd5 29. c4 dxc3 30. Qxd5+ Bxd5 31. Ng5 Bxb3 32. Bxb5 c2 33. Raa1 0-1

[Event "Sortland CC-ch"]
[Site "Sortland"]
[Date "2014.10.30"]
[Round "5"]
[White "Stephansen, Oyvind"]
[Black "Johnsen, Jim Ole"]
[Result "0-1"]
[WhiteElo "985"]
[BlackElo "1184"]
[PlyCount "81"]
[EventDate "2014.10.02"]
[EventType "swiss"]
[EventRounds "7"]
[EventCountry "NOR"]
[SourceTitle "EXT 2024"]
[Source "ChessBase"]
[SourceDate "2023.10.10"]
[SourceVersion "1"]
[SourceVersionDate "2023.10.10"]
[SourceQuality "1"]

1. d4 e6 2. e3 Nf6 3. Nc3 d5 4. Bd2 Be7 5. Nf3 0-0 6. g3 c5 7. Bg2 cxd4 8. exd4 Nc6 9. 0-0 Ne4 10. a3 Nxd2 11. Qxd2 Qb6 12. Rab1 Bf6 13. Ne2 Na5 14. b3 Qc7 15. a4 Rb8 16. Rbc1 b6 17. Rfe1 Ba6 18. Qc3 Nc6 19. b4 Bxe2 20. Rxe2 Qd7 21. b5 Na5 22. Ne5 Qd6 23. f4 Rbc8 24. Qd3 Rc7 25. f5 Bxe5 26. dxe5 Qc5+ 27. Kh1 Qc4 28. Qxc4 Rxc4 29. f6 Rxa4 30. fxg7 Rc8 31. Rf2 Kxg7 32. Rcf1 Rc7 33. Bxd5 exd5 34. Rf5 Rg4 35. Kg2 Rg6 36. h4 h6 37. h5 Re6 38. R1f4 Rxc2+ 39. Kh3 Rc7 40. g4 Rc3+ 41. Kh4 0-1